|
|
|
|
| LEADER |
00727cam a2200205 7i4500 |
| 001 |
0000042994 |
| 005 |
20170218090000.0 |
| 020 |
|
|
|a 9781405186117 (hbk.)
|
| 020 |
|
|
|a 9781405186100 (pbk.)
|
| 090 |
0 |
0 |
|a P96.M4
|b H84 2012
|
| 100 |
1 |
|
|a Hoechsmann, Michael
|
| 245 |
1 |
0 |
|a Media literacies :
|b a critical introduction
|c Michael Hoechsmann and Stuart R. Poyntz.
|
| 260 |
|
|
|a West Sussex, UK:
|b Wiley-Blackwell,
|c 2012.
|
| 300 |
|
|
|a xi, 233 p.;
|c 25 cm.
|
| 650 |
0 |
0 |
|a Media literacy
|
| 650 |
0 |
0 |
|a Digital media
|
| 700 |
1 |
|
|a Poyntz, Stuart R
|
| 997 |
|
|
|a Centre for Graduate Studies
|
| 997 |
|
|
|a Communication, Visual Art & Computing, Faculty
|b Communication, Department
|
| 999 |
|
|
|a 0000052082
|b BOK
|c OPEN SHELF
|e 1st Floor, Bestari Jaya
|